Регионална библиотека "Любен Каравелов" - Русе

Речник на испанските синоними и антоними | Испанско-български фразеологичен речник (Запис номер 32055)

MARC детайли
000 -Лидер
Контролно поле с фиксирана дължина 02096nam a2200433 c 4500
003 - Код на организацията, давaща контролен номер
Контролно поле BLK
005 - Дата и час на последна редакция
Контролно поле 20250603094954.0
008 - Елементи от данни с фиксирана дължина
fixed length control field 180407b bul|||||r ||||||| ||bul||
020 ## - Международен стандартен номер на книга ISBN
Международен стандартен номер на книга ISBN 954-529-163-X
040 ## - Източник на каталожния запис
Идентификатор на билиотеката - собственик на записа BLK
041 ## - Код за език
Код за езика на текст/звукозапис или на отделно заглавие Испански
Други езици Български
Код за езика КДБФ Други
080 ## - УДК
Текстов определител УДК Испански език
УДК код - определител по УДК 811.134.2
УДК определител -314.1(038.1)=60=867
УДК - код + определител 811.134.2-314.1(038.1)=60=867
080 ## - УДК
Текстов определител УДК Испански език
УДК код - определител по УДК 811.134.2
УДК определител -314.3(038.1)=60=867
УДК - код + определител 811.134.2-314.3(038.1)=60=867
080 ## - УДК
Текстов определител УДК Фразеология
УДК код - определител по УДК 81`373.7
УДК определител (038.1)=60=867
УДК - код + определител 81`373.7(038.1)=60=867
139 ## - Редно поле
Редна дума Николов, Венцеслав Стефанов
Авторски знак Николо - Н 74
245 10 - Сведения за заглавието
Заглавие Речник на испанските синоними и антоними
Редно поле (дума) състав. Венцеслав Стефанов Николов.
245 10 - Сведения за заглавието
Заглавие Испанско-български фразеологичен речник
246 11 - Различни форми на заглавието
Паралелно заглавие Diccionario de sinonimos y antonimos ; Diccionario fraseologico espanol-bulgaro
257 ## - Страна на издаване
Страна на създаване/издаване България
260 ## - Област на издателските данни
Име на издателя, разпространителя и проч. Колибри
Година на издаване 2000
Печатница В. Търново : Абагар АД
Място на издаване, разпространение и проч. София
300 ## - Физическа характеристика
Страници 384 с.
Размери/Мащаб 17 см
380 ## - Жанр
Жанр Езикознание. Филология
650 #4 - Допълнително описание по предмет – тема
Основно описание – тема или топоним Испански език - речници, испанско-български
9 (RLIN) 261532
650 #4 - Допълнително описание по предмет – тема
Основно описание – тема или топоним Испански език - синоними и антоними - речници, испанско-български
9 (RLIN) 272026
650 #4 - Допълнително описание по предмет – тема
Основно описание – тема или топоним Испански език - фразеология и идиоматика - речници, испанско-български
9 (RLIN) 272027
653 ## - Ключова дума – ненормативна
Ключова дума испански език
653 ## - Ключова дума – ненормативна
Ключова дума синонимни речници
653 ## - Ключова дума – ненормативна
Ключова дума антонимни речници
653 ## - Ключова дума – ненормативна
Ключова дума испанско-български речници
653 ## - Ключова дума – ненормативна
Ключова дума фразеологични речници
653 ## - Ключова дума – ненормативна
Ключова дума антоними
653 ## - Ключова дума – ненормативна
Ключова дума синоними
700 1# - Други автори (авторска отговорност)
Лично име Николов, Венцеслав Стефанов
Автороска отговорност (Описва отношението между автора и произведението) състав.
9 (RLIN) 366742
852 ## - Местоположение
Форматна сигнатура Цб І 30254
856 4# - Електронен адрес и достъп
Електронен формат pdf - файл
856 4# - Електронен адрес и достъп
Електронен формат pdf - файл
942 ## - АРТИКУЛИ
Вид на библиотечния материал Книги
Скрит в OPAC Не
944 ## - СЪЗДАВАНЕ И РЕДАКЦИЯ на ЗАПИСА
Създаване/Редакция Създаване
Дата на регистрацията/редакция 15.01.2003
Служител, извършил регистрацията/редакцията 30545
Статус, дата на статуса Нора Радева
999 ## - СИСТЕМНИ КОНТРОЛНИ НОМЕРА
Koha biblionumber 32055
Koha biblioitemnumber 32055
Наличности
Код за отписване Код за изгубен артикул Източник на класификационната схема Код за повреда Коз за рестрикции Код за отдаване Артикулен № Име на библиотеката - собственик Име на библиотеката, в която се намира в момента Статус (Текущо местоположение) Дата на вписване в системата Местоположение - отдел Цена в лева Инвентарен номер Систематично азбучна сигнатура Баркод Номер на екземпляра Цена в евро Служебна бележка Служебен тип на артикула
  Не е изгубен Universal Decimal Classification Не е повреден без рестрикции ползва се в читалня 51038 Регионална библиотека "Любен Каравелов" Русе Регионална библиотека "Любен Каравелов" Русе Хранилище 2001-01-01 Хранилище 0.00 661227 Цб I 30254 120000661227 1 0.00 Дост: Dp Вид: Д N: стар фонд Дата: 01.01.2000 Книги
  Не е изгубен Universal Decimal Classification Не е повреден без рестрикции ползва се в читалня 51039 Регионална библиотека "Любен Каравелов" Русе Регионална библиотека "Любен Каравелов" Русе Читалня 3 - справочен фонд 2004-03-19 Читалня 3 - справочен фонд 8.00 120000683759 С3 806.0/Н 74 120000683759 2 4.09 Дост: Pk Вид: Ф N: 6014 Дата: 12.03.2004 Дата инв: 12.06.2017 Бележки инв: С32017 Книги
  Не е изгубен Universal Decimal Classification Не е повреден   заемане за дома 974411 Регионална библиотека "Любен Каравелов" Русе Регионална библиотека "Любен Каравелов" Русе ЧЧЗО - англ. ез. - Британски съвет 2025-06-04 ЧЧЗО - англ. ез. - Британски съвет 10.00 120000920182 Ч3 811.134.2/Н 74 В 120000920182   5.11   Книги
Vip Innovations Ltd, Rousse, Bulgaria 2025